Les milieux "naturels" du globe (notice n° 1950209)
[ vue normale ]
| 000 -LEADER | |
|---|---|
| fixed length control field | 01428cam a2200133 4500500 |
| 005 - DATE AND TIME OF LATEST TRANSACTION | |
| control field | 20260329031907.0 |
| 041 ## - LANGUAGE CODE | |
| Language code of text/sound track or separate title | fre |
| 042 ## - AUTHENTICATION CODE | |
| Authentication code | dc |
| 100 10 - MAIN ENTRY--PERSONAL NAME | |
| Personal name | Demangeot, Jean |
| Relator term | author |
| 245 00 - TITLE STATEMENT | |
| Title | Les milieux "naturels" du globe |
| 260 ## - PUBLICATION, DISTRIBUTION, ETC. | |
| Name of publisher, distributor, etc. | Armand Colin,<br/> |
| Date of publication, distribution, etc. | 2009.<br/> |
| 520 ## - SUMMARY, ETC. | |
| Summary, etc. | Alors qu’aucun livre ne considère les problèmes de l’environnement naturel à la fois dans leur globalité et dans leurs particularités régionales concrètes, la présente 10e édition corrigée de ce manuel d’écogéographie a l’ambition de combler cette lacune. Si la globalité écologique se manifeste bien dans l’écosystème, il y manque souvent les sociétés humaines qui depuis le Néolithique ont adapté la nature à leurs besoins et façonné les paysages. Notre Terre est fortement influencée par près de 8 milliards d’humains : on ne donc peut écrire « naturels » qu’entre guillemets. Pratiquer une écologie réaliste oblige à la régionalisation des « milieux » naturels. C’est pourquoi le géographe intervient en replaçant les écosystèmes dans leur spécificité régionale et dans leur contexte historique autant que physique. Le milieu « naturel » est donc partie intégrante d’une géographie complète et globale, d’autant plus à l’heure du changement climatique. |
| 856 41 - ELECTRONIC LOCATION AND ACCESS | |
| Uniform Resource Identifier | <a href="https://shs.cairn.info/les-milieux-naturels-du-globe--9782200355838?lang=fr&redirect-ssocas=7080">https://shs.cairn.info/les-milieux-naturels-du-globe--9782200355838?lang=fr&redirect-ssocas=7080</a> |
Pas d'exemplaire disponible.




Réseaux sociaux